Všeobecná charakteristika mimobilančnej sekuritizácie
Etapy a priebeh procesu mimobilančnej sekuritizácie. Riziká mimobilančnej sekuritizácie. Úverové riziko (credit risk). Riziko „Cash flow“, ohrozených pravidelných peňažných tokov.
Salvato in:
| Autore principale: | |
|---|---|
| Natura: | Capitolo di libro |
| Lingua: | slovacco |
| Soggetti: | |
| Tags: |
Nessun Tag, puoi essere il primo ad aggiungerne!!
|
MARC
| LEADER | 00000nla a2200000 4500 | ||
|---|---|---|---|
| 001 | 0180548 | ||
| 005 | 20240502073059.3 | ||
| 041 | 0 | |a slo | |
| 044 | |a SK | ||
| 245 | 1 | 0 | |a Všeobecná charakteristika mimobilančnej sekuritizácie |c Eva Horvátová |
| 520 | |a Etapy a priebeh procesu mimobilančnej sekuritizácie. Riziká mimobilančnej sekuritizácie. Úverové riziko (credit risk). Riziko „Cash flow“, ohrozených pravidelných peňažných tokov. | ||
| 610 | 2 | 0 | |a sekuritizácia |
| 610 | 2 | 0 | |a úver |
| 610 | 2 | 0 | |a papiere cenné |
| 610 | 2 | 0 | |a riziko úverové |
| 610 | 2 | 0 | |a cash flow |
| 610 | 2 | 0 | |a investori |
| 610 | 2 | 0 | |a investovanie |
| 100 | 1 | |a Horvátová, Eva, 1958- | |